| 000 | 01048nam a2200229 i 4500 | ||
|---|---|---|---|
| 001 | 160247 | ||
| 003 | ES-MaACL | ||
| 005 | 20250722022927.0 | ||
| 008 | 931025s1886 sp |||| | spa d | ||
| 100 | 1 |
_aMorphy, Guillermo, _d1836-1899 _9130217 |
|
| 245 | 1 | 0 |
_aDiscurso leído en la apertura de la Sección de Bellas Artes del Ateneo Científico y Literario de Madrid / _cpor el conde de Morphy. |
| 260 |
_aMadrid : _b[s.n.], _c1886 ( _fImp. y fundición de Manuel Tello) |
||
| 300 |
_a58 p. ; _c26 cm. |
||
| 530 | _aDisponible en formato digital. | ||
| 610 | 2 | 4 |
_aAteneo de Madrid- _vConferencias- _yS.XIX. _91910 |
| 650 | 4 |
_aArtes decorativas- _zEspaña. _9174870 |
|
| 650 | 7 |
_aArte español _2embne _910189 |
|
| 710 | 2 |
_aAteneo de Madrid. _bSección de Literatura y Bellas Artes. _92001 |
|
| 852 | 4 |
_aES-MaACL _jT-452-F-12 _z- Enc. hol., falto de cub. original _z- Enc. en un vol. facticio |
|
| 856 | 4 |
_uhttp://mdc.csuc.cat/cdm/ref/collection/fulletsAB/id/2470#dcId=1547654465147&p=1 _zAteneu Barcelonès |
|
| 999 |
_c160247 _d160247 |
||